| 000 | 00842nam a22002057a 4500 | ||
|---|---|---|---|
| 999 |
_c357989 _d357989 |
||
| 003 | IT-MiCISF | ||
| 005 | 20180904172250.0 | ||
| 008 | 180904b ||||| |||| 00| 0 eng d | ||
| 040 | _cIT-MiCISF | ||
| 041 | _ait | ||
| 100 |
_aKirby Katie _957365 |
||
| 245 |
_aMammina un ca++o _bManuale scorretto per genitori imperfetti |
||
| 260 |
_aMilano _bMondadori _c2018 |
||
| 300 | _app. 358 | ||
| 500 | _agenitorialità, educazione-bambini, figli-piccoli, maternità, paternità | ||
| 520 | _aUn libro irriverente – ed estremamente onesto – che spiega come sopravvivere alla gravidanza e ai primi anni di vita dei figli, mostrando come sia possibile per un genitore amare con tutto il cuore i propri bimbi pur considerandoli, a volte, decisamente irritanti. | ||
| 650 |
_agenitorialità _956044 |
||
| 654 | _amanuale | ||
| 942 |
_2ddc _cBK |
||